000 01119cam a2200301 i 4500
999 _c8061
_d8061
001 8061
003 Mx-PuUPA
005 20191008154556.0
008 140415s1985 mx frd 001 0 spa d
020 _a9688490075
040 _aMx-PuUPA
_bspa
_cMx-PuUPA
_dMx-PuUPA
_erda
041 0 _aspa
100 1 _aOrtiz G., Lourdes,
_98871
_eautor
245 1 0 _aGlosario de términos administrativos :
_bespañol-inglés inglés-español con sus significado en español /
_cLourdes Ortiz G., Rosalba Robles T., Angélica Mena T.
264 1 _aEstado de México :
_bEditorial de la Universidad del Valle de México,
_c1985
300 _ax, 270 páginas :
_btablas ;
_c20 cm.
336 _2rdacontent
_atexto
_btxt
337 _2rdamedia
_asin medio
_bn
338 _2rdacarrier
_avolumen
_bnc
650 1 4 _aAdministracion
_vDiccionarios
650 1 4 _aAdministración
_xlenguaje normalizado
650 1 4 _aAdministración
_xterminología
700 1 _aRobles T., Rosalba,
_eautor
700 1 _aMena T., Angélica,
_eautor
942 _2ddc
_cLI
_h658.003
_iO771